00611 2200217 4500001002100000005001500021035002000036007000300056008004100059020001800100082000800118084001400126100001500140245009200155260004000247300002800287650004100315504001600356856001100372990001000383INLIS00000000000402620260108082209 a0010-0126000022ta260108 g 0 ind  a979-28-1204-6 a418 a418 RIA p0 aRiana Wati1 aPanuntun Maos Lan Nyerat Aksara Jawi :bBahasa Jawa /cRiana Wati & Djarot Heru Santosa aKlaten :bPT. Intan Pariwara,c2012 a76 hlm :bilus ;c25 cm 4aPanuntun Maos Lan Nyerat Aksara Jawi aBibliografi aRak Z1 a06649